Vista normal Vista MARC

Entrada Topical Term

Número de registros utilizados en: 1

001 - CONTROL NUMBER

  • control field: 8923

003 - CONTROL NUMBER IDENTIFIER

  • control field: OSt

005 - DATE AND TIME OF LATEST TRANSACTION

  • control field: 20200819162354.0

008 - FIXED-LENGTH DATA ELEMENTS

  • fixed length control field: 200819|| aca||aabn | a|a d

040 ## - CATALOGING SOURCE

  • Original cataloging agency: OSt
  • Transcribing agency: OSt

150 ## - HEADING--TOPICAL TERM

  • Topical term or geographic name entry element: Derecho civil
  • General subdivision: reformas civiles
  • Form subdivision: legislación

670 ## - SOURCE DATA FOUND

  • Source citation: Work cat.: (OSt)5772: Colombia. 8040, Código civil colombiano /, 1992